Response of some bio-intensive management initiatives against south american tomato leaf miner, tuta absoluta (meyrick) / (Record no. 18293)

MARC details
000 -LEADER
fixed length control field 01094nam a22002657a 4500
001 - CONTROL NUMBER
control field BD-DhSAU 9278
003 - CONTROL NUMBER IDENTIFIER
control field BD-DhSAU
005 - DATE AND TIME OF LATEST TRANSACTION
control field 20260223103845.0
008 - FIXED-LENGTH DATA ELEMENTS--GENERAL INFORMATION
fixed length control field 150613b2018 bg a|||| m||| 00| 0 eng d
040 ## - CATALOGING SOURCE
Original cataloging agency BD-DhSAU
082 ## - DEWEY DECIMAL CLASSIFICATION NUMBER
Edition number 22
Classification number 595.7
Item number M3699
100 ## - MAIN ENTRY--PERSONAL NAME
Personal name MOURY, MARZIA HOSSAIN
Relator term Registration # 22010109
245 ## - TITLE STATEMENT
Title Response of some bio-intensive management initiatives against<br/>south american tomato leaf miner, tuta absoluta (meyrick) /<br/>
Remainder of title MS thesis
260 ## - PUBLICATION, DISTRIBUTION, ETC. (IMPRINT)
Place of publication, distribution, etc. Sher-e-Bangla Agricultural University :
Name of publisher, distributor, etc. Department of Entomology,
Date of publication, distribution, etc. 2024.
300 ## - PHYSICAL DESCRIPTION
Extent iv, 50p. :
Other physical details ill. ;
Dimensions 30 cm.
500 ## - GENERAL NOTE
General note MS thesis of Department of Entomology, Faculty of Agriculture , Sher-e-Bangla Agricultural University, Dhaka, Bangladesh
504 ## - BIBLIOGRAPHY, ETC. NOTE
Bibliography, etc Includes bibliographical reference.
590 ## - Name of Cataloguer
Name of Cataloger Nazmul
650 ## - SUBJECT ADDED ENTRY--TOPICAL TERM
Topical term or geographic name as entry element bio-intensive management initiatives
650 ## - SUBJECT ADDED ENTRY--TOPICAL TERM
Topical term or geographic name as entry element south american tomato leaf miner, tuta absoluta (meyrick)
700 ## - ADDED ENTRY--PERSONAL NAME
Personal name Prof. Dr. S. M. Mizanur Rahman
Relator term Superviser
700 ## - ADDED ENTRY--PERSONAL NAME
Personal name Prof. Dr. Mohammed Ali
Relator term Co-superviser
942 ## - ADDED ENTRY ELEMENTS (KOHA)
Source of classification or shelving scheme Dewey Decimal Classification
Koha item type MS Level Thesis
Holdings
Withdrawn status Lost status Source of classification or shelving scheme Damaged status Not for loan Collection code Home library Branch Name Date acquired Total Checkouts Full call number Barcode Date last seen Price effective from Koha item type
    Dewey Decimal Classification   Not For Loan Reference SAU Library SAU Library 23/02/2026   595.7 M3699 46187 23/02/2026 23/02/2026 MS Level Thesis